Hodnotenie a riadenie zvyšovania produktivity výroby /

Guardado en:
Detalles Bibliográficos
Autores principales: Kováč, Milan (Autor), Ivanov, Alexander (Autor), Kováčová, Ľubica (Autor)
Formato: Libro
Lenguaje:eslovaco
Publicado: Košice : Technická univerzita v Košiciach, 1991
Etiquetas: Agregar Etiqueta
Sin Etiquetas, Sea el primero en etiquetar este registro!

MARC

LEADER 00000nam a22000003a 4500
001 stu31999
005 20150617225736.8
008 950223s1991----xo------------------slo-d
040 |a STU  |b slo 
041 0 |a slo 
044 |a xo 
080 |a 339.1 
100 1 |a Kováč, Milan  |4 aut 
245 1 |a Hodnotenie a riadenie zvyšovania produktivity výroby /  |c [aut.] Kováč,Milan; Ivanov,Alexander; Kováčová,Ľubica 
260 |a Košice :  |b Technická univerzita v Košiciach,  |c 1991 
300 |a 105 s 
700 1 |a Ivanov, Alexander  |4 aut 
700 1 |a Kováčová, Ľubica  |4 aut 
996 |b J88202  |c J*88202  |l JJK3  |s P  |a 0  |w stu31999_0001